Educational management, administration and leadership (Record no. 396109)

MARC details
000 -LEADER
fixed length control field 00524 a2200193 4500
005 - DATE & TIME
control field 20260402141616.0
008 - FIXED-LENGTH DATA ELEMENTS--GENERAL INFORMATION
fixed length control field 260402b |||||||| |||| 00| 0 eng d
020 ## - ISBN
International Standard Book Number 9788185958861
Price Rs. 1995.00
040 ## - CATALOGING SOURCE
Original cataloging agency VIVEKANANDA LIBRARY
082 ## - DDC NUMBER
Classification number 371.2
Book Number R51E
100 ## - MAIN ENTRY--PERSONAL NAME
Personal name Rita
245 ## - TITLE STATEMENT
Title Educational management, administration and leadership
260 ## - PUBLICATION, DISTRIBUTION, ETC. (IMPRINT)
Name of publisher, distributor, etc The Readers Paradise
Date of publication, distribution, etc 2026
Place of publication, distribution, etc New Delhi
300 ## - PHYSICAL DESCRIPTION
Pages viii, 276
650 ## - Subject
Subject Education
650 ## - Subject
Subject School Administration
650 ## - Subject
Subject Educational management
942 ## - ADDED ENTRY ELEMENTS (KOHA)
Koha item type Books
Holdings
Withdrawn status Lost status Source of classification or shelving scheme Damaged status Not for loan Location (home branch) Sublocation or collection (holding branch) Shelving location Date acquired Koha issues (times borrowed) Koha full call number Accession No. Koha date last seen Koha item type
    Dewey Decimal Classification     VIVEKANANDA LIBRARY VIVEKANANDA LIBRARY Law Library 04/02/2026   371.2 R51E 377901 04/02/2026 Books
© Designed and Maintained by Vivekananda Library, MDU Rohtak